000 01710nam a2200289 a 4500
001 25873
003 CO-ViMGA
008 141112s2004 ck r 000 u spa d
020 _a9789589177884
040 _aCO-ViMGA
_bspa
_cCO-ViMGA
041 _aSPA
090 _aC EXP1
245 1 0 _aUna expedición al mundo de los sueños /
_cilustradores Hernán Cárdenas.... [et al.]
250 _a1a ed.
260 _aBogotá :
_bMinisterio de Cultura,
_c2012
300 _a167 p. : il. col.
650 1 4 _aANIMALES - CUENTO
_940300
650 1 4 _aANIMALES - POESIA
_915710
650 1 4 _aCUENTOS CLASICOS
_940301
650 1 4 _aCUENTOS INFANTILES - COLECCIONES
_92468
650 1 4 _aDESDE LOS 6 AÑOS
_92351
650 1 4 _aLITERATURA INFANTIL
_92746
650 1 4 _aPOESIA INFANTIL
_91029
700 1 _aCárdenas, Hernán
_940302
740 _aEl pescador y su mujer \ El rey de los animales \ El gato con botas \ De lo que pasó a unos tejedores tramposo que hicieron un tela \ La gallina de los huevos de oro \ El zagal y las ovejas \ El gato bandido \ La perrilla \ Sonatina \ Esto dijo el pollo chiras \ Canción China en Europa \ La tijeras \ Mirringa Mirronga \ El renacuajo paseador \ Juan Chunguero \ Pastorcita \ Juan Matachín \ Tía Pasitrote \ Las siete vidas del gato \ La pobre viejecita \ Juaco el ballenero \ El pardillo \ La rana peripuesta \ Simón el bobito \ El niño y la mariposa \ Los tre pelos de oro del diablo \ La princesa y la alverja \ El cuento de Alí el Persa \ El gallo de oro \ Los tres cerditos \ El gihante egoísta \ Los músicos de Bremen \ Alí Babá y los cuarenta ladrones \ La cenicienta \ El sastrecillo valiente \ Barba azul \ El tigre y el conejo
942 _2ddc
_cBK
999 _c5438
_d5438